The second jungle book / (Record no. 156622)

MARC details
000 -LEADER
campo de control de longitud fija 00661nam a2200169 i 4500
001 - NÚMERO DE CONTROL
campo de control 156622
003 - IDENTIFICADOR DE NÚMERO DE CONTROL
campo de control ES-MaACL
005 - FECHA Y HORA DE LA ÚLTIMA TRANSACCIÓN
campo de control 20250208063129.0
008 - DATOS DE LONGITUD FIJA--INFORMACIÓN GENERAL
campo de control de longitud fija 040802s1899 xxka |||| | eng d
100 1# - ENTRADA PRINCIPAL--NOMBRE DE PERSONA
Nombre de persona Kipling, Rudyard,
Fechas asociadas al nombre 1865-1936
9 (RLIN) 68087
245 14 - MENCIÓN DEL TÍTULO
Título The second jungle book /
Mención de responsabilidad, etc. by Rudyard Kipling ; with decorations by J. Lockwood Kipling.
260 ## - PUBLICACIÓN, DISTRIBUCIÓN, ETC.
Lugar de publicación, distribución, etc. London :
Nombre del editor, distribuidor, etc. Macmillan and Co.,
Fecha de publicación, distribución, etc. 1899 (
Lugar de fabricación/manufactura Edinburgh :
Fabricante printed by R. & R. Clark)
300 ## - DESCRIPCIÓN FÍSICA
Extensión 299 p. :
Otras características físicas il. ;
Dimensiones 21 cm.
700 1# - ENTRADA AGREGADA--NOMBRE PERSONAL
Nombre de persona Kipling, John Lockwood (
Fechas asociadas al nombre 1837-1911)
9 (RLIN) 128459
852 ## - LOCALIZACIÓN
Ubicación ES-MaACL
Número de control de estantería G-13195
Nota libre - Enc. ed. en tela roja con hierros dorados
Holdings
Estatus retirado Estado de pérdida Estado de daño No para préstamo Colección Biblioteca de origen Biblioteca actual Ubicación en estantería Fecha de adquisición Fuente de adquisición Total de préstamos Signatura topográfica completa Código de barras Visto por última vez Precio de reemplazo Tipo de ítem Koha
        Libros del s. XIX Biblioteca del Ateneo de Madrid Biblioteca del Ateneo de Madrid Sala Pecera Planta 3 17/01/2008     G-13195 1163864 23/02/2023 23/02/2023 Libro impreso antiguo